Memorando de entendimiento para la implementación del plan de acción del sistema nacional de áreas protegidas (Registro nro. 7448)
[ vista simple ]
| 000 -CABECERA | |
|---|---|
| Campo de control | 00704nam a22001817a 4500 |
| 005 - FECHA Y HORA DE LA ULTIMA TRANSACCION | |
| Campo de control | 20140729102507.0 |
| 008 - ELEMENTOS DE LONGITUD FIJA—INFORMACION GENERAL | |
| Campo de control | 130724b2011 ck ||||| |||| 00| 0 spa d |
| 041 ## - IDIOMA | |
| Código de idioma para texto/pista de sonido o título separado | Español |
| 044 ## - PAÍS DE PUBLICACIÓN | |
| País de publicación | Colombia |
| 084 04 - OTRO NÚMERO DE CLASIFICACIÓN | |
| Número de clasificación | 333.95 |
| 245 ## - MENCION DE TITULO | |
| Título | Memorando de entendimiento para la implementación del plan de acción del sistema nacional de áreas protegidas |
| Parte restante del título | "Hacia un sistema completo, ecológicamente representativo y efectivamente gestionado" |
| 260 ## - PUBLICACION, DISTRIBUCION, ETC. (PIE DE IMPRENTA) | |
| Lugar de publicación, distribución, etc. | Bogotá : |
| Nombre del editor, distribuidor, etc. | Parques Nacionales Naturales de Colombia |
| Fecha de publicación, distribución, etc. | 2011 |
| 300 ## - DESCRIPCION FISICA | |
| Extensión | 76 p. |
| Otros detalles físicos | il. |
| Dimensiones | 20 cm. |
| 650 #4 - ASIENTO SECUNDARIO DE MATERIA - TERMINO TEMATICO | |
| Término temático o nombre geográfico como elemento de entrada | Plan de acción |
| 650 #4 - ASIENTO SECUNDARIO DE MATERIA - TERMINO TEMATICO | |
| Término temático o nombre geográfico como elemento de entrada | Áreas protegidas |
| Subdivisión geográfica | Colombia |
| 710 ## - ASIENTO SECUNDARIO - NOMBRE CORPORATIVO | |
| Nombre corporativo o de jurisdicción como elemento de entrada | Parques Nacionales Naturales de Colombia |
| 942 ## - ELEMENTOS ADICIONALES (KOHA) | |
| Sistema de clasificación | Dewey Decimal Classification |
| Tipo de ítem | Libro |
| Withdrawn status | Lost status | Sistema de Clasificación | Damaged status | No para préstamo | Colección | Inventariado | Ubicación Permanente | Ubicación actual | Fecha de adquisición | Fuente de Valor | Valor | Total Checkouts | Número topográfico | Inventario / Código de Barras | Date last seen | Ejemplar | Price effective from | Forma de adquisición | Tipo de material |
|---|---|---|---|---|---|---|---|---|---|---|---|---|---|---|---|---|---|---|---|
| Dewey Decimal Classification | General | Inventariado 2017 | Bogotá | Bogotá | 24/07/2013 | Instituto | 39000.00 | LB-333.95 P25m | 028751 | 24/07/2013 | Ej. 1 | 24/07/2013 | Institucional | Libro | |||||
| Dewey Decimal Classification | General | Inventariado 2017 | Bogotá | Bogotá | 19/06/2015 | Instituto | 39000.00 | LB-333.95 P25m | 039024 | 01/07/2015 | Ej. 3 | 19/06/2015 | Libro | ||||||
| Dewey Decimal Classification | General | Inventariado 2017 | Sala Fabio Quevedo | Sala Fabio Quevedo | 24/07/2013 | Instituto | 39000.00 | LB-333.95 P25m | 028646 | 25/07/2013 | Ej. 2 | 24/07/2013 | Libro |